Selena Gomez - Paroles Hands To Myself - Statistiques

Statistiques générales
  • Ce quiz a été pris 48 fois
  • Le résultat moyen est 255 sur 308
Statistiques - réponses
Hint Réponse % Correct
a
97%
hands
97%
I
97%
I...
97%
I,
97%
my
97%
My
97%
myself
97%
to
97%
to?
97%
you
97%
all
95%
All
95%
all,
95%
No
95%
no
95%
no,
95%
want
95%
Couplet 1 | Refrain Can't
92%
keep
92%
Keep
92%
me
92%
the
89%
Couplet 2 The
89%
and
86%
And
86%
trying
86%
trying,
86%
I'm
84%
what
84%
But
81%
but
81%
love
81%
Your
81%
your
81%
each
78%
give
78%
Give
78%
go
78%
Pré-refrain Oh,
78%
oh
78%
other
78%
it
76%
matter
73%
say
73%
be
70%
could
70%
good
70%
on,
70%
So
70%
come
68%
hard
68%
how
68%
Of
68%
of
68%
they
68%
next
65%
why
65%
cause
62%
day
62%
like
62%
making
62%
mean,
62%
people
62%
taste
62%
would
62%
you're
62%
doctors
59%
every
57%
it's
57%
juice
57%
single
57%
else
54%
nothing
54%
wanna
49%
gin
46%
if
46%
know
46%
breathe
43%
should
41%
in
38%
waste
38%
let
35%
metaphorical
35%
one
35%
uppers
35%
downs
30%
I'd
30%
Won't
30%
drop
16%
Aucun quiz correspondant
Distribution des résultats
% des personnes avec chaque résultat
Percentile par nombre de réponses
Votre historique - résultats
Vous n’avez pas pris ce quiz